|
|
|
|
| LEADER |
00000nab a2200000 a 4500 |
| 001 |
vtls000586103 |
| 003 |
SK-MaSNL |
| 005 |
20260303011507.0 |
| 008 |
160216c1996 xo 0 slo |
| 015 |
|
|
|a SNBRB19rr/mm-uuuuu
|
| 035 |
|
|
|a CL0586242
|
| 040 |
|
|
|a SNKBUCL
|b slo
|c SNKBUCL
|e AACR2
|
| 041 |
0 |
|
|a slo
|
| 044 |
|
|
|a xo
|c SK
|
| 080 |
|
|
|a 262.1:284.1
|2 1981
|
| 080 |
|
|
|a 284.1
|2 1981
|
| 080 |
|
|
|a 929 Adamovič, Štefan
|2 1981
|
| 245 |
0 |
0 |
|a Plánoval ešte veľa vykonať
|b 35. výročie smrti Dr. Štefana Adamoviča
|
| 300 |
|
|
|b Obr. 1
|
| 600 |
1 |
7 |
|a Adamovič, Štefan,
|d 1903-1961
|2 snkbucl
|9 189878
|
| 655 |
|
7 |
|a články z novín a časopisov
|2 snkbucl
|9 267496
|
| 773 |
0 |
|
|t Evanjelický posol spod Tatier
|g Roč. 86, č. 19 (1996), s. 146
|
| 850 |
|
|
|a Slovenská národná knižnica v Martine
|a MTA001
|
| 852 |
|
|
|a SNK
|b KIS3GCP
|
| 958 |
|
|
|a BX
|
| 958 |
|
|
|a RK
|
| 958 |
|
|
|a SK
|
| 992 |
|
|
|a RBX
|
| 999 |
|
|
|c 1592413
|d 1594343
|